Practical horticulture

保存先:
書誌詳細
第一著者: Rice, Laura Williams
フォーマット: 図書
言語:Undetermined
出版事項: New Jersey Pearson Prentical Hall 2006
主題:
タグ: タグ追加
タグなし, このレコードへの初めてのタグを付けませんか!
Thư viện lưu trữ: Trung tâm Học liệu Trường Đại học Cần Thơ
LEADER 00524nam a2200193Ia 4500
001 CTU_117429
008 210402s9999 xx 000 0 und d
020 |c 68.54 
082 |a 635 
082 |b R496 
100 |a Rice, Laura Williams 
245 0 |a Practical horticulture 
245 0 |c Laura Williams Rice 
260 |a New Jersey 
260 |b Pearson Prentical Hall 
260 |c 2006 
650 |a Horticulture,Gardening,Indoor gardening 
904 |i Truc 
980 |a Trung tâm Học liệu Trường Đại học Cần Thơ